| 000 | 00704nam a2200241 a 4500 | ||
|---|---|---|---|
| 001 | BRL_1517 | ||
| 005 | 20190320211237.0 | ||
| 008 | 130214s----1945mx-b######---#000-0#spa-# | ||
| 041 | _aspa | ||
| 044 | _amx | ||
| 050 | 4 |
_aF1376 _b.O76 1945 |
|
| 100 | 1 |
_aOrosa Díaz, Jaime _927147 |
|
| 245 | 1 | 0 |
_aYucatán _bpanorama histórico geográfico y cultural _cpor Jaime Orosa Díaz. |
| 260 |
_aMéxico _bSEP _c1945 |
||
| 300 |
_a94 p. _bil., mapas _c19 cm. |
||
| 440 | 0 |
_aBiblioteca enciclopédica popular _v55 _927148 |
|
| 500 | _aAu1699 | ||
| 504 | _aBibliografía: p. 93-94 | ||
| 651 | 4 |
_aYucatán _xHistoria _99975 |
|
| 651 | 4 |
_aYucatán _xDescripción y viajes _99170 |
|
| 902 | _aGRL | ||
| 942 |
_2lcc _cB |
||
| 999 |
_c10326 _d10326 |
||